Ta hronia tiz aliteias (Record no. 1304)

MARC details
000 -BAŞLIK
Sabit Uzunlukta Kontrol Alanı 00798na a2200277 4500
001 - KONTROL NUMARASI
Denetim Alanı 16027
003 - KONTROL NUMARASI IDENTIFIER
Denetim Alanı MIRAKIL
005 - SON İŞLEM TARİHİ VE ZAMANI
Denetim Alanı 20181213154818.0
008 - SABİT-BOY VERİ ELEMANLARI - GENEL BİLGİLER
Sabit Uzunlukta Kontrol Alanı 161001b tu 000 0
020 ## - ULUSLARARASI STANDART KİTAP NUMARASI
Uluslararası Standart Kitap Numarası 9600341885
035 ## - SİSTEM KONTROL NUMARASI
Sistem Kontrol Numarası 16027
040 ## - KATALOGLAMA KAYNAK
Orijinal Kataloglama Ajansı Milas
Kataloglama Dili tur
Metne Dönüştürmek Ajansı TR-AnCHP
041 ## - DİL KODU
Metin / Ses Parça Veya Ayrı Başlığın Dil Kodu gre
082 ## - DEWEY ONLU SINIFLANDIRMA NUMARASI
Sınıflandırma Numarası 813.42
Ürün Numarası O63b 2006
090 ## - SINIFLAMA NUMARASI
Sınıflama Numarası 813.42 O63b 2006
100 ## - ANA GİRİŞ - KİŞİSEL İSİM
Kişisel Ad Orhan Kemal
Bir Adıyla İlişkilendirilen Tarihler 1914-1970
240 ## - ÜNİFORM BAŞLIK
Üniforma Başlık <a href="Baba evi">Baba evi</a>
Bir İşin Dili Yunanca
245 ## - BAŞLIK TABLOSU
Başlık Ta hronia tiz aliteias
Sorumluluk Tablosu, Vb Orhan Kemal ; metafrasi apo ta toirkika Stella Christidou
260 ## - YAYIN, DAĞITIM, VB
Yayın, Dağıtım, Vb Yeri Atina
Yayıncı, Dağıtıcı, Vs Adı Ekdoseis Kastanioti
Yayın, Dağıtım, Vb Tarihi 2006
300 ## - FİZİKSEL TANIM
Kapsam 284 s.
Boyutlar 22 sm.
500 ## - GENEL NOT
Genel Not Özgün yapıt adı : Baba evi
650 ## - KONU KATMA GİRİŞ - TOPİKAL DÖNEM
Topikal Süreli Veya Coğrafi Ad Giriş Elemanı Türk edebiyatı
Genel Alt Bölümü Roman
Kronolojik Alt Bölümü Yunancaya çeviriler
700 ## - KATMA GİRİŞ - KİŞİSEL İSİM
Kişisel Ad Christidou, Stella
942 ## - EKLENDİ GİRİŞ ELEMANLARI (KOHA)
Sınıflandırma Veya Raf Düzeni Kaynak Dewey Decimal Classification
Koha Öğesi Türü Books
999 ## - SİSTEM KONTROL NUMARALARI (KOHA)
Koha Biblionumber 1304
Koha Biblioitemnumber 1304
657 ## - INDEX SÜRE - İŞLEVİ
-- Yunanca çeviri
Holdings
Kalıcı Konum Mevcut Konum Edinme Tarihi Edinim Kaynak Toplam Check-Out'Lar Tam Çağrı Numarası Barkod Tarih Son Görülme İtibaren Geçerli Fiyatlar Koha Öğesi Türü
CHP Kütüphanesi CHP Kütüphanesi 09/28/2016 Bağış   813.42 O63b 2006 004303 09/28/2016 09/28/2016 Books